| 000 | 00547nam a2200145Ia 4500 | ||
|---|---|---|---|
| 008 | 170221s9999 xx 000 0 und d | ||
| 100 | _aYulia Alekseevna Akimova | ||
| 245 | _aPublic-Private Partnership in Agribusiness | ||
| 245 | _cYulia Alekseevna Akimova, Svetlana Andreevna Kochetkova, Elena Georgievna Kovalenko, Lubov Ivanovna Zinina | ||
| 260 | _bInternational Review of Management and Marketing | ||
| 260 | _cAugust 2013 | ||
| 300 | _a2:3 | ||
| 650 | _xMarketing. | ||
| 856 | _uhttp://www.econjournals.com/index.php/irmm/issue/view/88 | ||
| 999 |
_c310327 _d310327 |
||